000 00503nam a2200181 4500
001 125943
003 ES-MaACL
005 20250801063035.0
007 t|
008 070214s1920 fr r ||||1| fre d
100 1 _aRégnier, Henri de,
_d1864-1936
_995907
245 1 0 _aEsquisses venitiennes /
_cHenri de Régnier.
250 _a2ème. éd.
260 _aParis :
_bMercure de France,
_c1920.
300 _a176 p. ;
_c18 x 11 cm.
852 _aES-MaACL
_jF-9829
999 _c125943
_d125943